000 04725nam a22005417a 4500
005 20080303235410.0
008 080224s2007 ii a | 00| 1 eng
010 _aB-268760-785
020 _a8126024291
_c100.00
035 _aB-268760-785
040 _adpl
_bEnglish
082 _a881
245 _aPoetry with young people /
_cintroduced & edited by Gieve Patel.
260 _aNew Delhi :
_bSahitya Akademi,
_c2007.
300 _axxx, 134 p. :
_bcol. ill. ;
_c22 cm (Hb)
520 _aAn anthology of poems by students of Rishi Valley School, Chittoor District, India.
650 _aIndic poetry (English)
700 _aPatel, Gieve.
942 _2ddc
_cEN
_mPOE
_h881
999 _c16817
_d16817